000 01153nam a2200253 a 4500
001 BRCA_8943
005 20190320210452.0
008 030717s1779----sp-#######---#000-0#spa-#
041 _aspa
044 _asp
084 _aLE36
_b.J43 1779
100 1 _aJeann-Marie
_cLe prince de Beaumont
_922228
245 1 0 _aBiblioteca completa de educación o instrucciones para las señoras jóvenes, en la edad de entrar ya en la sociedad y poderse casar
_bInstruye una Sabia Directora á sus nobles Discípulas en todas las obligaciones pertenecientes al Estado del Matrimonio, y á la educación de sus hijos
_cobra escrito en francés por Madama Le Prince de Beaumont; y traducida al castellano por Don Joseph de la Fresa.
260 _aMadrid
_bPor D. Manuel Martin
_c1779
300 _a250 p. (t.2)
_c15.4 x 10.7 cm
500 _aCon las licencias necesarias
500 _aEstado físico: presenta encuadernación en pergamino
650 1 4 _aMujer
_xEducación
_922229
650 1 4 _aEducación
_yObras anteriores a 1800
_921679
700 1 _aFresa, Joseph de la
_etr.
_922230
700 1 _aManuel Martin
_eImpresor
_922231
902 _aCFM
942 _2lcc
_cB
999 _c8594
_d8594